000 00428cam a2200157ua 4500
020 _a9780071244763
082 _a005.746
_bSIL/DA
100 _aSilberschatz, Abraham .
_91326
100 _aKorth, Henry F .
_91327
100 _aSudharshan, S .
_91328
245 _aDatabase System Concepts /
250 _a5 / 6
260 _aBoston :
_bMcGrah Hill Higher Education ,
_c2006, 2011
300 _a1142 ; .1349
942 _cBK
999 _c13587
_d13587